Normal view
MARC view
- Siadat, Ali Baqai, Aamer Ahmed Naveed, Kanwal Kuma, Atal Anil
Entry Corporate Name
001 - CONTROL NUMBER
- control field: 125403
003 - CONTROL NUMBER IDENTIFIER
- control field: NUST
005 - DATE AND TIME OF LATEST TRANSACTION
- control field: 20240828105120.0
008 - FIXED-LENGTH DATA ELEMENTS
- fixed length control field: 240828|| aca||aabn | a|a d
040 ## - CATALOGING SOURCE
- Original cataloging agency: NUST
- Transcribing agency: NUST
110 ## - HEADING--CORPORATE NAME
- Corporate name or jurisdiction name as entry element: Siadat, Ali Baqai, Aamer Ahmed Naveed, Kanwal Kuma, Atal Anil
670 ## - SOURCE DATA FOUND
- Source citation: Work cat.: (NUST): Khaleeq uz Zaman, Uzair 31643, Handbook of Manufacturing Systems and Design : , 2024.
